Prasāda kī dārśanika cetanā. (Record no. 67932)

MARC details
000 -LEADER
fixed length control field 00622cam a22002291 4500
001 - CONTROL NUMBER
control field sa 66001703
003 - CONTROL NUMBER IDENTIFIER
control field DLC
005 - DATE AND TIME OF LATEST TRANSACTION
control field 20260227112224.0
008 - FIXED-LENGTH DATA ELEMENTS--GENERAL INFORMATION
fixed length control field 890619s1965 ii acj b 000 0 hino
010 ## - LIBRARY OF CONGRESS CONTROL NUMBER
LC control number sa 66001703
035 ## - SYSTEM CONTROL NUMBER
System control number (OCoLC)19891750
040 ## - CATALOGING SOURCE
Original cataloging agency DLC
Transcribing agency WaU
Modifying agency DLC
042 ## - AUTHENTICATION CODE
Authentication code premarc
050 00 - LIBRARY OF CONGRESS CALL NUMBER
Classification number PK2098.P7
Item number Z63
100 1# - MAIN ENTRY--PERSONAL NAME
Personal name Chakravarty, Vasant,
Dates associated with a name 1931-
245 00 - TITLE STATEMENT
Title Prasāda kī dārśanika cetanā.
260 ## - PUBLICATION, DISTRIBUTION, ETC.
Date of publication, distribution, etc. [1965]
300 ## - PHYSICAL DESCRIPTION
Extent 563 p.
Other physical details illus., geneal. tables, port.
Dimensions 22 cm.
500 ## - GENERAL NOTE
General note In Hindi.
504 ## - BIBLIOGRAPHY, ETC. NOTE
Bibliography, etc. note Bibliography: p. [552]-563.
600 10 - SUBJECT ADDED ENTRY--PERSONAL NAME
Personal name Prasad, Jai Shankar,
Dates associated with a name 1889-1937.

No items available.

Powered by Koha